|
|
|
|
| LEADER |
01147nam a2200277 a 4500 |
| 001 |
4388 |
| 003 |
BD-DhAAL |
| 008 |
091102s1991 cou b 001 0 eng d |
| 999 |
|
|
|c 5013
|d 5013
|
| 010 |
|
|
|a 91040883
|
| 020 |
|
|
|a 1853390968
|
| 020 |
|
|
|a 0813314887 (Hardcover)
|
| 020 |
|
|
|a 0813314895 (Paperback)
|
| 040 |
|
|
|a DLC
|c DLC
|d DLC
|d BD-DhAAL
|
| 082 |
0 |
0 |
|a 338.927091724
|2 20
|
| 100 |
1 |
|
|a Smillie, Ian.
|9 40194
|
| 245 |
1 |
0 |
|a Mastering the machine :
|b poverty, aid, and technology /
|c Ian Smillie.
|
| 260 |
|
|
|a Boulder :
|b Westview Press :
|a London ;
|b Intermediate Technology Publications,
|c 1991.
|
| 300 |
|
|
|a xi, 268 pages ;
|c 24 cm.
|
| 504 |
|
|
|a Includes bibliographical references (pages 260-264) and index.
|
| 541 |
1 |
|
|e 00004388
|
| 650 |
|
0 |
|a Technical assistance
|z Developing countries.
|9 40195
|
| 650 |
|
0 |
|a Poor
|z Developing countries.
|9 40196
|
| 852 |
4 |
|
|a Ayesha Abed Library
|j General Stacks
|
| 942 |
|
|
|2 ddc
|c BK
|
| 952 |
|
|
|0 0
|1 0
|2 ddc
|4 0
|6 338_927091724000000_SMI_1990
|7 0
|8 NFIC
|9 4837
|a BRACUL
|b BRACUL
|c GEN
|d 2009-11-03
|g 0.00
|l 1
|o 338.927091724 SMI
|p 3010004388
|r 2010-05-03
|s 2010-04-21
|t 1
|w 2009-11-03
|y BK
|x No price found in the accession register.
|